000 01055nam a2200193Ia 4500
003 Ost
005 20260507075743.0
008 260507s9999||||xx |||||||||||||| ||und||
040 _cfsecg
041 _aara
082 _a330
100 _aدراز، حامد عبد المجيد
_eمؤلف
245 0 _aالسياسات المالية /
_c حامد عبد المجيد دراز
260 _aالقاهرة:
_bمركز الإسكندرية للكتاب,
_c2003
300 _a409 صفحة؛
_bإيضاحات ؛
_c24 سم
520 _aتطور أسس السياسات المالية- خطوات تطبيق المالية الوظيفية- السياسة المالية والتنمية الزراعية- السياسة المالية تنمية القطاع العام- السياسات المالية اللازمة- السياسة المالية وعدالة توزيع الدخول- أثار السياسة الانفاقية على متغيرات النشاط الإقتصادي.
653 _aالسياسات المالية
942 _cكتاب
999 _c46172
_d46172